01011cam a22002771a 4500001001300000003000400013005001700017007001500034008004100049010001700090035002000107040001800127042001200145050002400157100004000181245014400221260005000365300002000415490002200435500005700457530006900514651005800583740002200641830001900663856005100682ca 34002088 DLC20260227111136.0cr_|||||||||||900201s1876 mau 000 0 eng  aca 34002088  a(OCoLC)21233391 aDLCcRPBdDLC apremarc00aPS1059.B22bO6 18761 aBaker, George Melville,d1832-1890.10aOne hundred years ago; or, Our boys of 1776. :bA patriotic drama in two acts. /cBy the author of "Sylvia's soldier," "Once on a time" ... aBoston :bGeorge M. Baker and Company,c1876. a54 p. ;c20 cm.1 aThe Amateur drmaa aAscribed to George Melville Baker. Cf. NUC pre-1956. aAlso available in digital form on the Internet Archive Web site. 0aUnited StatesxHistoryyRevolution, 1775-1783vDrama.0 aOur boys of 1776. 0aAmateur drama.41uhttp://hdl.loc.gov/loc.gdc/scd0001.0015863496A